00382pab a2200145 454500008004000000100001600040245004300056260000900099300001600108362001100124650002800135650002000163700001900183773003400202180718b2004 xxu||||| |||| 00| 0 eng d aSinha, Ajit aTrend break in India's GDP growth rate c2004 ap.5634-639. a25 Dec aEconomic growth - India aEconomic growth aTejani, Shirin aEconomic and Political Weekly